000 00302nam a2200133Ia 4500
005 20251222141925.0
008 251222s9999||||xx |||||||||||||| ||spa||
020 _a84-206-3835-8
082 _a838.93/K15C
100 _aKafka, Franz
245 0 _aCuadernos de Octavo
264 _bAlianza
942 _cLIB
999 _c8834
_d8834